FMB state of trade survey (Record no. 104262)

MARC details
000 -LEADER
fixed length control field 01049cam a2200217 4500
001 - CONTROL NUMBER
control field L129680
008 - FIXED-LENGTH DATA ELEMENTS--GENERAL INFORMATION
fixed length control field 050510n2005 000 0 eng u
035 ## - SYSTEM CONTROL NUMBER
System control number (Sirsi) u129680
041 ## - LANGUAGE CODE
Language code of text/sound track or separate title eng
050 ## - LIBRARY OF CONGRESS CALL NUMBER
Classification number 338.4569
-- 18
110 ## - MAIN ENTRY--CORPORATE NAME
Corporate name or jurisdiction name as entry element Federation of Master Builders
9 (RLIN) 465
245 ## - TITLE STATEMENT
Title FMB state of trade survey
Remainder of title first quarter of 2005
260 ## - PUBLICATION, DISTRIBUTION, ETC.
Name of publisher, distributor, etc. FMB
Date of publication, distribution, etc. 2005
490 ## - SERIES STATEMENT
Series statement FMB State of Trade Survey
Volume/sequential designation First Quarter 2005
520 ## - SUMMARY, ETC.
Summary, etc. Key findings include indications of only a very small increase in overall workload, together with a very slight reduction in employment. Expectations of trends in workload and employment in the second quarter are quite modest whilst the trend in enquiries regarding possible work is weak.
590 ## - LOCAL NOTE (RLIN)
Local note IKA210605
650 ## - SUBJECT ADDED ENTRY--TOPICAL TERM
Topical term or geographic name entry element FEDERATION OF MASTER BUILDERS STATE OF TRADE SURVEY
690 ## - LOCAL SUBJECT ADDED ENTRY--TOPICAL TERM (OCLC, RLIN)
Topical term or geographic name as entry element BUILT ENVIRONMENT-CONSTRUCTION MARKET
856 ## - ELECTRONIC LOCATION AND ACCESS
Uniform Resource Identifier <a href="https://www.fmb.org.uk/information-and-help/publications/state-of-trade-survey/?entryid24=3154&p=3">https://www.fmb.org.uk/information-and-help/publications/state-of-trade-survey/?entryid24=3154&p=3</a>
Public note View the item free of charge at www.fmb.org.uk
942 ## - ADDED ENTRY ELEMENTS (KOHA)
Suppress in OPAC 0
Holdings
Withdrawn status Lost status Source of classification or shelving scheme Damaged status Not for loan Home library Current library Shelving location Date acquired Total Checkouts Full call number Barcode Date last seen Copy number Price effective from Koha item type
    Dewey Decimal Classification     Virtual Virtual Online 10/05/2005   ONLINE PUBLICATION 129680-2001 06/08/2019 1 06/08/2019 Book